000
00237nam a2200109Ia 4500
008
190216s9999||||xx |||||||||||||| ||und||
100
_a
Pandey I M
245
0
_a
Financial Management
260
_b
Null
_c
1979
300
_a
549p
942
_c
BK
999
_c
4567
_d
4567